| 000 | 00323nam a2200121Ia 4500 | ||
|---|---|---|---|
| 003 | GCL | ||
| 008 | 140319s9999 xx 000 0 eng d | ||
| 040 |
_aGCL / _cGCL |
||
| 082 | 0 | 4 | _a551.41.GS |
| 245 | 1 | 0 | _aSoil Geamorphology: An Intergration Of Pepology And Geomorphology |
| 260 |
_a[S.N] : _bNONE ، _c1992 |
||
| 300 | _a269 P | ||
| 999 |
_c20146 _d20146 |
||